000 00310nam a22001457a 4500
008 210225b ||||| |||| 00| 0 eng d
020 _a2900077670084
041 _aeng
080 _a316
082 _a316
100 _a50
101 _aSOC
245 _aExperience Sociology
_cCroteau, D
942 _2udc
_cBK
999 _c55208
_d55208